00488nam a2200133Ia 4500008004100000100002300041245004100064260006900105300001100174650000900185856006800194999001900262952007300281160712s9999 xx 000 0 und d aPascual, Wilfredo. cWilfredo PascualaPintig at Panganib c2015bLikhaan: The Journal of Contemporary Philippine Literature avol. 9 xTULA uhttp://journals.upd.edu.ph/index.php/lik/issue/view/539/showToc c297129d297129 001040aCLbCLd2016-07-12l0r2016-07-12 00:00:00w2016-07-12yFEJ